| 000 | 00527nam a22001337a 4500 | ||
|---|---|---|---|
| 005 | 20250922121350.0 | ||
| 100 | _aDengler, S. | ||
| 245 | _aThe Way To An Autonomous Shearography Application With Ai-based Result Validation | ||
| 260 |
_bInternational Rubber Conference-rubber Con 2024: Sustainable Development In Rubber Industry-challenges And Opportunities, 5-7 December 2024, Indian Rubber Institute, Kochi, India, P. 44. _c2024 |
||
| 300 | _bAbstract only | ||
| 650 | _aTechnology | ||
| 650 | _aInfrastructure | ||
| 942 | _cJS | ||
| 999 |
_c75603 _d75603 |
||